LEADER 01554nam0-22005051i-450- 001 990006717470403321 005 20150113144632.0 010 $a88-204-2775-3 035 $a000671747 035 $aFED01000671747 035 $a(Aleph)000671747FED01 035 $a000671747 100 $a20010426d1988----km-y0itay50------ba 101 0 $aita 105 $aa---a---001yy 200 1 $a<>gentile cittą moderna$el'espansione urbana tra Otto e Novecento$eil caso di Albaro a Genova$fC. Bertelli, A. M. Nicoletti$gprefazione di Ennio Poleggi 210 $aMilano$cFrancoAngeli$d1988 215 $a233 p., [29] c.$cill.$d22 cm 225 1 $aUrbanistica$iRicerche$v11 610 0 $aGenova$aUrbanistica 610 0 $aGenova$aRioni e quartieri$aAlbaro$aSviluppo edilizio 610 0 $aCittą moderna 610 0 $aPianificazione urbana 676 $a044.002 676 $a711 700 1$aBertelli,$bCarlo$f<1930- >$0301620 701 1$aNicoletti,$bAnnamaria$0343688 702 1$aPoleggi,$bEnnio$f<1927- > 801 0$aIT$bUNINA$gRICA$2UNIMARC 901 $aBK 912 $a990006717470403321 952 $a01 B1 IV 20$b00976$fDINST 952 $aCOLLEZ. 1016 (11)$b11697$fFSPBC 952 $aURB.LE B 582$b1011$fFARBC 952 $a044.002.BER.01$b2165$fDECGE 952 $aA-IT 0136$bB.c.5482$fILFGE 952 $aCI.02.282$b562$fCICE 959 $aDECGE 959 $aFSPBC 959 $aDINST 959 $aFARBC 959 $aILFGE 959 $aCICE 996 $aGentile cittą moderna$9615729 997 $aUNINA LEADER 01764nas 2200577-a 450 001 996251300503316 005 20231011213020.0 011 $a1538-4756 035 $a(DE-599)ZDB2068560-9 035 $a(OCoLC)48878972 035 $a(CKB)954925540172 035 $a(CONSER)--2002211004 035 $a(EXLCZ)99954925540172 100 $a20020128a19849999 s-- a 101 0 $aeng 135 $aurcnu|||||||| 181 $ctxt$2rdacontent 182 $cc$2rdamedia 183 $acr$2rdacarrier 200 10$aRemedial and special education 210 $aAustin, Tex. $cPRO-ED 210 31$a[Thousand Oaks, CA] :$cSage Publications 215 $a1 online resource 300 $aRefereed/Peer-reviewed 311 $a0741-9325 531 $aREM SPEC EDUC 531 $aREMEDIAL & SPECIAL EDUCATION; RASE 531 $aREMEDIAL SPEC. EDUC 531 0 $aRemedial spec. educ. 606 $aSpecial education$vPeriodicals 606 $aLearning disabilities$vPeriodicals 606 $aEducation, Special 606 $aRemedial Teaching 606 $aSpecial Education$2ebps$3(uri) http://id.worldcat.org/fast/fst01128842 606 $aLearning disabilities$2fast$3(OCoLC)fst00994891 606 $aSpecial education$2fast$3(OCoLC)fst01128842 608 $aPeriodical. 608 $aPeriodicals.$2fast 608 $aPeriodicals.$2lcgft 615 0$aSpecial education 615 0$aLearning disabilities 615 2$aEducation, Special. 615 2$aRemedial Teaching. 615 7$aSpecial Education. 615 7$aLearning disabilities. 615 7$aSpecial education. 676 $a371.9/05 906 $aJOURNAL 912 $a996251300503316 996 $aRemedial and special education$92123078 997 $aUNISA